000 00205 a2200097 4500
001 1737
100 _aWinstanley, H.H.
245 _aJunior technical drawing
260 _a
_bArnold
_c
090 _c1273
_d1273
942 _aNUST-CAE
_cM
_c3036
999 _c236810
_d236810